[Event "Gambito de rey aceptado"]
[Site "SchemingMind.com"]
[Date "2014.06.04"]
[Round "-"]
[White "Phillip Beckett"]
[Black "kenneth m day"]
[Result "1-0"]
[WhiteCountry "ENG"]
[BlackCountry "USA"]
[WhiteElo "1560"]
[WhiteRD "47"]
[BlackElo "1753"]
[BlackRD "49"]
[GameID "359365"]

1. e4 e5 2. f4 exf4 3. Nf3 g5 4. Bc4 Nc6 5. d4 Bg7 6. c3 d6 7. O-O Bg4 8. h3 Bh5 9. Qb3 Rb8 10. e5 dxe5
11. dxe5 Nxe5 12. Nxe5 Bxe5 13. Re1 Qd6 14. Qb5+ c6 15. Qxe5+ Qxe5 16. Rxe5+ Kd7 17. Na3 Nf6 18. Rxg5 Bg6 19. Bxf4 Rbe8 20. Rd1+ Kc8
21. Be5 Ne4 22. Bxh8 Nxg5 23. Bf6 Ne4 24. Bd4 c5 25. Bf2 b6 26. Be1 f5 27. Ba6+ Kc7 28. Nb5+ Kb8 29. Rd7
1-0

[Event "Gambito de rey aceptado"]
[Site "SchemingMind.com"]
[Date "2014.06.04"]
[Round "-"]
[White "kenneth m day"]
[Black "Phillip Beckett"]
[Result "1-0"]
[WhiteCountry "USA"]
[BlackCountry "ENG"]
[WhiteElo "1753"]
[WhiteRD "49"]
[BlackElo "1560"]
[BlackRD "47"]
[GameID "359366"]

1. e4 e5 2. f4 Qh4+ 3. g3 Qe7 4. d3 exf4 5. Bxf4 d5 6. Bg2 dxe4 7. dxe4 f5 8. e5 Nc6 9. Qe2 Nd4 10. Qd2 Qc5
11. Nc3 Be6 12. O-O-O Rd8 13. Qe3 Nb3+ 14. axb3 Qxe3+ 15. Bxe3 Rxd1+ 16. Kxd1 b6 17. Nf3 Ne7 18. Nd4 Bc8 19. Ncb5 f4 20. gxf4 c5
21. Nc6 Nxc6 22. Bxc6+ Bd7 23. Bxd7+ Kxd7 24. Nxa7 Be7 25. Ke2 Kc7 26. Nb5+ Kc6 27. Nc3 Re8 28. Ne4 Kd5 29. Nc3+ Kc6 30. Rd1
1-0

[Event "Gambito de rey aceptado"]
[Site "SchemingMind.com"]
[Date "2014.06.11"]
[Round "-"]
[White "Marc Wakeham"]
[Black "Scooter"]
[Result "0-1"]
[WhiteCountry "WLS"]
[BlackCountry "USA"]
[WhiteElo "1551"]
[WhiteRD "68"]
[BlackElo "1755"]
[BlackRD "48"]
[GameID "359902"]

1. e4 e5 2. f4 exf4 3. Nf3 d6 4. d4 Bg4 5. Be2 Bxf3 6. Bxf3 g5 7. O-O Nc6 8. Nc3 Bg7 9. Ne2 Qd7 10. c3 O-O-O
11. d5 Ne5 12. Bh5 Nf6 13. Bf3 g4 14. Nxf4 gxf3 15. gxf3 Rhg8 16. Kf2 Bh6 17. Nh3 Qxh3 18. Bxh6 Rg2+ 19. Ke3 Qxh6+ 20. f4 Nc4+
21. Kd4 Rd2+
0-1

[Event "Gambito de rey aceptado"]
[Site "SchemingMind.com"]
[Date "2014.06.11"]
[Round "-"]
[White "Scooter"]
[Black "Marc Wakeham"]
[Result "1-0"]
[WhiteCountry "USA"]
[BlackCountry "WLS"]
[WhiteElo "1755"]
[WhiteRD "48"]
[BlackElo "1551"]
[BlackRD "68"]
[GameID "359903"]

1. e4 e5 2. f4 exf4 3. Nf3 Bc5 4. d4 Bb6 5. Bxf4 d6 6. Be2 Bg4 7. Nbd2 Ne7 8. h3 Bxf3 9. Nxf3 Ng6 10. Bg3 O-O
11. Qd2 Nc6 12. O-O-O a6 13. a3 Qe7 14. d5 Nce5 15. Qb4 Nxf3 16. Bxf3 Qg5+ 17. Kb1 Qxg3 18. Qc3 Qe5 19. Qd2 f5 20. exf5 Rxf5
21. Rhe1 Qf6 22. Re6 Qf8 23. Rde1 Re5 24. Be4 Rxe6 25. dxe6 Ne5 26. Bxb7 Rb8 27. Bxa6 Qf6 28. Qd5 Kf8 29. Rf1
1-0

[Event "Gambito de rey aceptado"]
[Site "SchemingMind.com"]
[Date "2014.06.11"]
[Round "-"]
[White "Scooter"]
[Black "BigDoggProblem"]
[Result "0-1"]
[WhiteCountry "USA"]
[BlackCountry "USA"]
[WhiteElo "1755"]
[WhiteRD "48"]
[BlackElo "1911"]
[BlackRD "97"]
[GameID "359905"]

1. e4 e5 2. f4 exf4 3. Nf3 d6 4. Bc4 h6 5. Nc3 Bg4 6. Be2 Nc6 7. h3 Bxf3 8. Bxf3 Qh4+ 9. Kf1 Nd4 10. d3 Be7
11. Ne2 Nxf3 12. gxf3 g5 13. Qe1 Qxe1+ 14. Kxe1 Bf6 15. Nc3 c6 16. Bd2 O-O-O 17. h4 Ne7 18. hxg5 hxg5 19. Ke2 Ng6 20. Rag1 Rh4
21. Rxh4 Nxh4 22. Rh1 b5 23. Be1 Ng6 24. b3 Kd7 25. Rh7 Ke7 26. Bf2 Bxc3
0-1

[Event "Gambito de rey aceptado"]
[Site "SchemingMind.com"]
[Date "2014.06.12"]
[Round "-"]
[White "fouche"]
[Black "Scooter"]
[Result "0-1"]
[WhiteCountry "COL"]
[BlackCountry "USA"]
[WhiteElo "1612"]
[WhiteRD "57"]
[BlackElo "1774"]
[BlackRD "48"]
[GameID "359906"]

1. e4 e5 2. f4 d6 3. Bc4 exf4 4. Nf3 g5 5. h4 f6 6. hxg5 fxg5 7. Bf7+ Kxf7 8. Ne5+ dxe5 9. Qh5+ Kf6 10. d3 Bd7
11. Nc3 c6 12. Bd2 Be8 13. Qg4 Qd7 14. Qe2 Bd6 15. O-O-O Bf7 16. Kb1 Qe6 17. g3 Nd7 18. gxf4 exf4 19. Rdf1 Be5 20. Qg2 Bxc3
21. Bxc3+ Ke7 22. b3 Ngf6 23. Qxg5 Rag8 24. Qxf4 Rg6 25. Qc7 c5 26. Qxb7 Qb6 27. Qxb6 axb6 28. a4 Rb8 29. e5 Nd5 30. Bb2 Bg8
31. d4 cxd4 32. Bxd4 Ke6 33. c4 Nb4 34. Rh2 Nxe5 35. Re2 Nd3 36. Rf3 Kd6 37. Bxe5+ Nxe5 38. Rd2+ Kc6 39. Re3 Ng4 40. Re7 Rb7
41. Re8 Rd7 42. Rde2 Kc5 43. Kb2 h5 44. Kc3 h4 45. b4+ Kc6 46. Rc8+ Rc7 47. b5+ Kb7 48. Ree8 Rxc8
0-1

[Event "Gambito de rey aceptado"]
[Site "SchemingMind.com"]
[Date "2014.06.11"]
[Round "-"]
[White "Phillip Beckett"]
[Black "Scooter"]
[Result "0-1"]
[WhiteCountry "ENG"]
[BlackCountry "USA"]
[WhiteElo "1560"]
[WhiteRD "47"]
[BlackElo "1755"]
[BlackRD "48"]
[GameID "359908"]

1. e4 e5 2. f4 exf4 3. Nf3 d6 4. Bc4 Be6 5. Be2 g5 6. O-O Nc6 7. d4 Bg4 8. h3 Bxf3 9. Bxf3 Bg7 10. c3 Nge7
11. Nd2 Ng6 12. Qa4 Qd7 13. d5 Nce5 14. Qxd7+ Kxd7 15. Nb3 h5 16. Nd4 g4 17. hxg4 hxg4 18. Be2 Bh6 19. Nf5 Bg5 20. Bb5+ c6
21. dxc6+ bxc6 22. Ba4 Nd3 23. Nd4 Nge5 24. b4 Rh7 25. b5 Rah8 26. bxc6+ Kc7 27. Nb5+ Kb6 28. g3 Rh1+ 29. Kg2 R8h2#
0-1

[Event "Gambito de rey aceptado"]
[Site "SchemingMind.com"]
[Date "2014.06.11"]
[Round "-"]
[White "Scooter"]
[Black "Phillip Beckett"]
[Result "1-0"]
[WhiteCountry "USA"]
[BlackCountry "ENG"]
[WhiteElo "1755"]
[WhiteRD "48"]
[BlackElo "1560"]
[BlackRD "47"]
[GameID "359909"]

1. e4 e5 2. f4 Qh4+ 3. g3 Qe7 4. d3 exf4 5. Bxf4 d5 6. Qe2 dxe4 7. Qxe4 Qxe4+ 8. dxe4 c6 9. Nc3 Bb4 10. Ne2 Bg4
11. a3 Be7 12. h3 Be6 13. O-O-O Nd7 14. Nd4 O-O-O 15. Nxc6 bxc6 16. Ba6#
1-0

[Event "Gambito de rey aceptado"]
[Site "SchemingMind.com"]
[Date "2014.06.12"]
[Round "-"]
[White "Scooter"]
[Black "private napoleon"]
[Result "0-1"]
[WhiteCountry "USA"]
[BlackCountry "ENG"]
[WhiteElo "1755"]
[WhiteRD "48"]
[BlackElo "1835"]
[BlackRD "66"]
[GameID "359910"]

1. e4 e5 2. f4 exf4 3. Nf3 d6 4. Bc4 g5 5. h3 Bg7 6. d3 h5 7. Nc3 g4 8. hxg4 hxg4 9. Rxh8 Bxh8 10. Nh2 Qh4+
0-1

[Event "Gambito de rey aceptado"]
[Site "SchemingMind.com"]
[Date "2014.06.13"]
[Round "-"]
[White "private napoleon"]
[Black "Scooter"]
[Result "1-0"]
[WhiteCountry "ENG"]
[BlackCountry "USA"]
[WhiteElo "1835"]
[WhiteRD "66"]
[BlackElo "1755"]
[BlackRD "48"]
[GameID "359911"]

1. e4 e5 2. f4 d6 3. Bc4 g6 4. Nf3 Bg4 5. O-O Nd7 6. c3 Bg7 7. Qb3 Be6 8. Bxe6 fxe6 9. Qxe6+ Qe7 10. Qxe7+ Nxe7
11. d4 exd4 12. cxd4 O-O-O 13. Bd2 Nc6 14. Bc3 Rde8 15. Nbd2 Rhf8 16. d5 Bxc3 17. dxc6 Bxd2 18. cxd7+ Kxd7 19. Nxd2
1-0

[Event "Gambito de rey aceptado"]
[Site "SchemingMind.com"]
[Date "2014.06.11"]
[Round "-"]
[White "Scooter"]
[Black "kenneth m day"]
[Result "1-0"]
[WhiteCountry "USA"]
[BlackCountry "USA"]
[WhiteElo "1774"]
[WhiteRD "48"]
[BlackElo "1741"]
[BlackRD "52"]
[GameID "359912"]

1. e4 e5 2. f4 exf4 3. Nf3 g5 4. h4 g4 5. Ne5 d6 6. Nxg4 Nf6 7. Nxf6+ Qxf6 8. d3 Nc6 9. Nc3 Be6 10. Qf3 Nd4
11. Qf2 O-O-O 12. b3 Bh6 13. Bb2 c5 14. O-O-O f3+ 15. Kb1 Bg4 16. Nd5 Qe6 17. Bxd4 cxd4 18. gxf3 Bh5 19. Bh3 Be3 20. Bxe6+ fxe6
21. Nxe3 dxe3 22. Qxe3 Rhf8 23. Rdf1 Rd7 24. Qxa7 Re8 25. Rhg1 Kd8 26. Rg8 Kc7 27. Rxe8 Bxe8 28. Rg1
1-0

[Event "Gambito de rey aceptado"]
[Site "SchemingMind.com"]
[Date "2014.06.11"]
[Round "-"]
[White "kenneth m day"]
[Black "Scooter"]
[Result "1-0"]
[WhiteCountry "USA"]
[BlackCountry "USA"]
[WhiteElo "1753"]
[WhiteRD "49"]
[BlackElo "1755"]
[BlackRD "48"]
[GameID "359913"]

1. e4 e5 2. f4 exf4 3. Nf3 g5 4. Nc3 Nc6 5. g3 fxg3 6. hxg3 Bg7 7. d4 g4 8. Nh4 h5 9. Be3 d6 10. Qd2 Bd7
11. O-O-O Qe7 12. Bg2 a6 13. Nd5 Qd8 14. Rhf1 Nge7 15. Bg5 Bf8 16. Nf6#
1-0